| 000 | 00864cab a2200277 4500 | ||
|---|---|---|---|
| 001 | WB3440-04 | ||
| 008 | 090401t1998 xxu||||| |||| 00| 0 eng d | ||
| 035 | _a(Sirsi) u89236 | ||
| 041 | _aeng | ||
| 245 | _aJLW and LaSalle merge | ||
| 260 | _c1998 | ||
| 350 | _a0 | ||
| 490 |
_aFinancial Times _v23 October 1998, 29(1) |
||
| 520 | _aJones Lang Wootton announces the terms of its merger with LaSalle Partners to form Jones Lang LaSalle, the world`s largest property advisory and fund management group. | ||
| 650 | _aGLOBAL COMPANIES | ||
| 650 | _aJONES LANG LASALLE | ||
| 650 | _aJONES LANG WOOTTON | ||
| 650 | _aLASALLE PARTNERS | ||
| 650 | _aPROPERTY COMPANIES | ||
| 650 | _aPROPERTY CONSULTANTS | ||
| 650 | _aPROPERTY INVESTMENT | ||
| 650 | _aSURVEYING FIRMS | ||
| 690 | _aPROPERTY-COMMERCIAL PROPERTY | ||
| 942 | _n0 | ||
| 948 | _c23/10/1998 | ||
| 999 |
_c56440 _d56440 |
||